=LDR 00000nam 2200000 4500 =001 INLIS000000000014048 =005 20130612105343 =008 ***********************************Ind** =035 ##$$0010-061300000014048 =041 ##$$a Ind =082 ##$$a R.398.803 =090 ##$$a R.398.803, Abb k =100 ##$$a Abbas, S.R.S =245 ##$$a Kamus pribahasa, S.R.S. Abbas =260 ##$$a 1987 $b Bandung =300 ##$$a iii, 220 hlm, 21 cm =650 ##$$a Pepatah - Kamus =850 ##$$a NBPNMAT